LEADER 00729cam0 22002531 450 001 SOBE00045631 005 20210623092814.0 010 $a9722012975 100 $a20150119d1995 |||||ita|0103 ba 101 $apor 102 $aPT 200 1 $aAlma$eromance$fManuel Alegre 210 $aLisboa$cDom Quixote$d1995 215 $a225 p.$d21 cm 700 1$aAlegre$b, Manuel$3AF00007095$4070$0253882 801 0$aIT$bUNISOB$c20210623$gRICA 850 $aUNISOB 852 $aUNISOB$j869$m88583 912 $aSOBE00045631 940 $aM 102 Monografia moderna SBN 941 $aM 957 $a869$b000075$gSI$d88583$tN$1menle$2UNISOB$3UNISOB$420150119124146.0$520210623092804.0$6Alfano 996 $aAlma$91710882 997 $aUNISOB